| 000 | 00843cam a22002535i 4500 | ||
|---|---|---|---|
| 999 |
_c14546 _d14546 |
||
| 001 | 20062384 | ||
| 005 | 20191007104409.0 | ||
| 008 | 171014t20172018si b 001 0 eng | ||
| 010 | _a 2017449036 | ||
| 020 | _a978-981-3229-58-7 | ||
| 040 |
_aDLC _cDLC |
||
| 042 | _apcc | ||
| 082 |
_22019 _aDC 001.42 _bT153 |
||
| 100 | 1 |
_aTan, Willie, _eauthor. _940219 |
|
| 245 | 1 | 0 |
_aResearch methods : _ba practical guide for students and researchers / _cWillie Tan, NUS, Singapore. |
| 260 |
_aNew Jersey : _bWorld Scientific , _c©2018 |
||
| 300 |
_axii, 216 pages : _billustrations ; _c23 cm |
||
| 504 | _aIncludes bibliographical references and index. | ||
| 650 | 0 |
_aResearch _xMethodology. _940220 |
|
| 365 |
_b5,593.00 _cPhp |
||
| 906 |
_a0 _bibc _corigres _d2 _encip _f20 _gy-gencatlg |
||
| 942 |
_2ddc _cDC |
||